000 00597nam a2200193 a 4500
001 000022758
005 20200930021759.0
008 101117s1970 ve r 000 e spa d
040 _aDO-SdBNP
_bspa
_cBNPHU
082 _aP491s
100 1 _aPetkoff, Teodoro,
_d1932-
_946759
245 1 1 _a¿Socialismo para Venezuela? /
_cTeodoro Petkoff.
260 _aCaracas, Venezuela :
_bDomingo Fuentes,
_c1970.
300 _a139, [2] p. ;
_c19 cm.
490 1 _aEstos dias
504 _aIncluye referencias bibliográficas y notas al pie de las páginas.
830 0 _aEstos dias
_946760
049 _aBNGR
999 _c22255
_d22255